000 00631nam a22002297a 4500
001 0074
003 DO-SdBNP
005 20180125121822.0
007 0074
008 151027b pe 2011 xxu||||| |||| 00| 0 spa d
020 _a9786124063985
040 _aBPMSU
_bspa
_cBPMSU
092 _axxxxxxxx
_bxxxxxxxx
100 1 0 _aSófocles
245 1 0 _aEdipo rey /
_cSófocles ; ilustración Gerson Jara Morales
260 _aLima, Perú :
_bEducativa,
_c2011
300 _a91 p. :
_bil.,
_c19 cm.
700 1 0 _aJara Morales, Gerson,
_3il.
942 _2ddc
_cBK
945 _aInventariado extranjero / 2018 VM
956 _aBrenda Tavárez
999 _c8483
_d8483